Cargando…

Signs of Science : Literature, Science, and Spanish Modernity since 1868 /

Detalles Bibliográficos
Clasificación:Libro Electrónico
Autor principal: Pratt, Dale J., 1965-
Formato: Electrónico eBook
Idioma:Inglés
Publicado: West Lafayette, Ind. : Purdue University Press, 2001.
Colección:Book collections on Project MUSE.
Temas:
Acceso en línea:Texto completo

MARC

LEADER 00000cam a22000004a 4500
001 musev2_4134
003 MdBmJHUP
005 20230905040516.0
006 m o d
007 cr||||||||nn|n
008 000613s2001 inu o 00 0 eng d
010 |z  00056013  
020 |a 9781612490854 
020 |z 1557532214 
020 |z 1612490859 
020 |z 9781557532213 
035 |a (OCoLC)606560135 
040 |a MdBmJHUP  |c MdBmJHUP 
043 |a e-sp--- 
050 0 4 |a PQ6073.S33  |b P73 2001 
082 0 |a 860.9/356  |2 21 
100 1 |a Pratt, Dale J.,  |d 1965- 
245 1 0 |a Signs of Science :   |b Literature, Science, and Spanish Modernity since 1868 /   |c Dale J. Pratt. 
264 1 |a West Lafayette, Ind. :  |b Purdue University Press,  |c 2001. 
264 3 |a Baltimore, Md. :  |b Project MUSE,   |c 2012 
264 4 |c ©2001. 
300 |a 1 online resource (240 pages). 
336 |a text  |b txt  |2 rdacontent 
337 |a computer  |b c  |2 rdamedia 
338 |a online resource  |b cr  |2 rdacarrier 
504 |a Includes bibliographical references (p. 203-218) and index. 
588 |a Description based on print version record. 
650 0 |a Literature and science  |z Spain. 
650 0 |a Science in literature. 
650 0 |a Spanish literature  |y 19th century  |x History and criticism. 
650 0 |a Spanish literature  |y 20th century  |x History and criticism. 
655 7 |a Electronic books.   |2 local 
710 2 |a Project Muse.  |e distributor 
830 0 |a Book collections on Project MUSE. 
856 4 0 |z Texto completo  |u https://projectmuse.uam.elogim.com/book/4134/ 
945 |a Project MUSE - Custom Collection 
945 |a Project MUSE - Archive Complete Foundation 
945 |a Project MUSE - Archive Literature Foundation